00857nam a2200205 a 4500001000900000005001700009008004100026020001500067040001800082050002400100100002300124245013500147260005500282300004900337500010700386500003400493504003100527650007000558700002300628BRCA_61120190320203101.0930407s1993 nyua---##b---#001-0#eng-d a1555950930 aDLCcDLCdDLC 4aND1354.4b.B34 19931 aBaetjer, Katharine10aGlorious NaturebBritish Landscape Painting, 1750-1850ccatalogue by Katharine Baetjer ; essays by Michael Rosenthal ... [et al.]. aNueva YorkbHudson Hills : Denver Art Museumc1993 a271 p.bil. (algunas a color), mapasc26 cm. aCatálogo de la exposición realizada en The Denver Art Museum, 11 diciembre, 1993 - 6 febrero, 1994 aIncluye índice alfabético aBibliografía: p. 261-26314aPintura de paisajes británicosvExposicionesySiglo XVIII y XIX1 aRosenthal, Michael